000
00322nam a22001337a 4500
008
181008b xxu||||| |||| 00| 0 eng d
020
_a
84970
041
_a
eng
080
_a
101
100
_a
24
101
_a
FIL
245
_a
Newton's Philosophy of Nature: Selections from his Writings
_c
Thayer, H.S
942
_2
udc
_c
BK
999
_c
49056
_d
49056